000 00436nam a22001697a 4500
003 CEME
005 20210628203724.0
008 210317b xxu||||| |||| 00| 0 eng d
020 _a0-201-10745-7
040 _c.
082 _a006.6 BAE'H
100 _aBaecker, Ronald M
_936949
245 _aHuman factors and typography for more readable programs
260 _aNEWYORK
_bADDISON WESLEY
_c1990
300 _a348P
942 _cBK
_2ddc
999 _c574875
_d574875